[Event "IX C.to Italiano U20"]
[Site "Bratto - Castione della Presolana ITA"]
[Date "2001.08.24"]
[Round "3"]
[White "Mazzilli, Piero"]
[Black "Mogranzini, Roberto"]
[Result "0-1"]
[WhiteElo "2206"]
[BlackElo "2104"]
[PlyCount "70"]
[EventDate "2001.08.22"]

1.e4 c5 2.Nf3 e6 3.d4 cxd4 4.Nxd4 a6 5.c4 Qc7 6.Nc3 Nc6 7.Be3 Nf6 8.Rc1 
Bb4 9.f3 O-O 10.Be2 d5 11.exd5 exd5 12.a3 Qe5 13.Nxc6 bxc6 14.Bd4 Bxc3+ 
15.Rxc3 Qg5 16.O-O Re8 17.Re1 Qf4 18.g3 Qd6 19.c5 Qd8 20.Bd3 Be6 21.Rc2 
Qc8 22.Bxf6 gxf6 23.Rce2 Qd7 24.Bc2 Qe7 25.Qd4 Qf8 26.Qxf6 Qxc5+ 27.Kh1 
Qf8 28.Re5 h6 29.Qh4 Bd7 30.Rg5+ Kh8 31.Rxe8 Rxe8 32.Qd4+ f6 33.Qd3 Qe7 
34.Rg6 Qe1+ 35.Kg2 Re2+ 0-1

[Event "IX C.to Italiano U20"]
[Site "Bratto - Castione della Presolana ITA"]
[Date "2001.08.24"]
[Round "3"]
[White "Pulito, Alberto"]
[Black "Nardelli, Marco"]
[Result "1-0"]
[WhiteElo "2050"]
[BlackElo "1791"]
[PlyCount "45"]
[EventDate "2001.08.22"]

1.e4 c5 2.c3 d5 3.exd5 Qxd5 4.d4 Nf6 5.Nf3 cxd4 6.cxd4 e6 7.Be3 Nc6 8.Nc3 
Qd6 9.a3 b6 10.Bd3 Be7 11.O-O O-O 12.Qe2 Bb7 13.Rad1 Rfd8 14.Rfe1 Rac8 15.
Bc1 Nb8 16.Ne5 Nbd7 17.Nb5 Qd5 18.f4 Bf8 19.Nc3 Qd6 20.Bc4 Nd5 21.Nb5 Qe7 
22.Nxa7 Ra8 23.Nac6 1-0

[Event "IX C.to Italiano U20"]
[Site "Bratto - Castione della Presolana ITA"]
[Date "2001.08.24"]
[Round "3"]
[White "Santacroce, Fidel"]
[Black "Bartolini, Marco"]
[Result "1/2-1/2"]
[WhiteElo "1630"]
[BlackElo "1597"]
[PlyCount "81"]
[EventDate "2001.08.22"]

1.e4 e5 2.Nf3 Nc6 3.Bc4 Be7 4.Nc3 Nf6 5.d3 O-O 6.h3 d6 7.Be3 a6 8.Qe2 b5 
9.Bb3 Bb7 10.Rg1 Na5 11.g4 Nxb3 12.axb3 b4 13.Na2 d5 14.g5 Nd7 15.Bd2 dxe4
16.dxe4 a5 17.Nh2 Nc5 18.f3 Qc8 19.Ng4 Qe6 20.Qf2 Rad8 21.Be3 Nd7 22.Nc1 
Ra8 23.Qg3 Kh8 24.Nd3 Bd6 25.Rd1 a4 26.bxa4 Rxa4 27.h4 Ba6 28.h5 Bxd3 29.
cxd3 Rfa8 30.Qh4 Ra1 31.Bc1 Be7 32.Qh2 Qc6 33.Qd2 Bc5 34.Rf1 Bd4 35.h6 g6 
36.f4 Qe6 37.f5 Qb3 38.fxg6 fxg6 39.Nf6 Nxf6 40.gxf6 Rf8 41.Qg5 1/2-1/2

[Event "IX C.to Italiano U20"]
[Site "Bratto - Castione della Presolana ITA"]
[Date "2001.08.24"]
[Round "3"]
[White "Sedani, Elisa"]
[Black "Palomba, Andrea"]
[Result "1/2-1/2"]
[WhiteElo "1594"]
[BlackElo "1401"]
[PlyCount "104"]
[EventDate "2001.08.22"]

1.e4 g6 2.d4 Bg7 3.Nf3 d6 4.Nc3 Bg4 5.Be2 Bxf3 6.Bxf3 c6 7.Be3 Nd7 8.Qd2 
c5 9.Rd1 Qb6 10.dxc5 Nxc5 11.Bd4 Nf6 12.O-O Qc7 13.Rfe1 Ne6 14.Nd5 Nxd5 
15.Bxg7 Nxg7 16.Qxd5 O-O 17.c3 Rab8 18.e5 dxe5 19.Qxe5 Qxe5 20.Rxe5 e6 21.
Re3 Ne8 22.Rd7 Nf6 23.Rd1 Rfd8 24.Red3 Rxd3 25.Rxd3 b6 26.Kf1 Kf8 27.Ke2 
Ke7 28.c4 Rc8 29.Ra3 Rc7 30.Ke3 Ne8 31.Be2 Nd6 32.Kd4 Rd7 33.Rd3 Nf5+ 34.
Kc3 Rxd3+ 35.Bxd3 Nd6 36.Kd4 Nb7 37.b4 Nd8 38.Be4 f6 39.c5 Kd7 40.cxb6 
axb6 41.Bf3 Nf7 42.a4 Nd6 43.a5 bxa5 44.bxa5 e5+ 45.Kd5 Ne8 46.Kc5 Kc7 47.
Bc6 Ng7 48.a6 Ne6+ 49.Kd5 Nf4+ 50.Kc5 Ne6+ 51.Kd5 Nf4+ 52.Kc5 Ne6+ 1/2-1/2

[Event "IX C.to Italiano U20"]
[Site "Bratto - Castione della Presolana ITA"]
[Date "2001.08.25"]
[Round "4"]
[White "Arnetta, Marianna"]
[Black "Mazzilli, Piero"]
[Result "0-1"]
[WhiteElo "2060"]
[BlackElo "2206"]
[PlyCount "80"]
[EventDate "2001.08.22"]

1.e4 c5 2.Nc3 a6 3.a4 e6 4.f4 d5 5.e5 Nc6 6.Nf3 Qc7 7.g3 f6 8.exf6 Nxf6 9.
d3 Bd6 10.Bg2 O-O 11.O-O Kh8 12.Nh4 Rb8 13.f5 b5 14.axb5 axb5 15.fxe6 Bxe6
16.Bg5 Be5 17.Bxf6 Bxf6 18.Bxd5 Bxc3 19.Bxe6 Bxb2 20.Qh5 Bd4+ 21.Kg2 Ne5 
22.Bf5 g6 23.Bxg6 Bxa1 24.Rxa1 Rb6 25.Be4 Rbf6 26.Bxh7 Qxh7 27.Qxe5 Qg7 
28.Re1 Rf2+ 29.Kh3 Qxe5 30.Rxe5 Rc8 31.c4 b4 32.Re1 b3 33.Rb1 b2 34.Ng6+ 
Kg7 35.Ne5 Rc2 36.Nd7 Rh8+ 37.Kg4 Rhxh2 38.Nxc5 Rc1 39.Rxb2 Rxb2 40.Kf4 
Re2 0-1

[Event "IX C.to Italiano U20"]
[Site "Bratto - Castione della Presolana ITA"]
[Date "2001.08.25"]
[Round "4"]
[White "Bartolini, Marco"]
[Black "Artizzu, Giulio"]
[Result "0-1"]
[WhiteElo "1597"]
[BlackElo "2084"]
[PlyCount "50"]
[EventDate "2001.08.22"]

1.d4 Nf6 2.Nf3 c5 3.c4 cxd4 4.Nxd4 e5 5.Nb5 d5 6.cxd5 Bc5 7.N5c3 O-O 8.e3 
e4 9.a3 a6 10.Nd2 Re8 11.b4 Ba7 12.Bb2 Ng4 13.Qe2 f5 14.Nb3 f4 15.Nc5 fxe3
16.fxe3 Qg5 17.Bc1 Bxc5 18.bxc5 Nd7 19.h3 Qf6 20.Bb2 Qh4+ 21.Kd2 Nf2 22.
Rg1 Nd3 23.Kc2 N7xc5 24.g3 Qh6 25.g4 Qb6 0-1

[Event "IX C.to Italiano U20"]
[Site "Bratto - Castione della Presolana ITA"]
[Date "2001.08.25"]
[Round "4"]
[White "Berni, Giorgio"]
[Black "Ibba, Isacco"]
[Result "1-0"]
[WhiteElo "2141"]
[BlackElo "1807"]
[PlyCount "47"]
[EventDate "2001.08.22"]

1.e4 d5 2.exd5 Qxd5 3.Nc3 Qa5 4.d4 Nf6 5.Bd2 c6 6.Nf3 Bf5 7.Bc4 e6 8.Qe2 
Be7 9.d5 cxd5 10.Nxd5 Qd8 11.Nxf6+ Bxf6 12.Bb5+ Nc6 13.O-O-O Qb6 14.Bb4 a6
15.Bxc6+ bxc6 16.Ba3 Rb8 17.Ne5 Be7 18.Nc4 Qb5 19.Bd6 Rb7 20.g4 Bg6 21.f4 
Bf6 22.Ba3 Bxb2+ 23.Bxb2 O-O 24.Qe5 1-0

[Event "IX C.to Italiano U20"]
[Site "Bratto - Castione della Presolana ITA"]
[Date "2001.08.25"]
[Round "4"]
[White "Buchicchio, Giampaolo"]
[Black "Pulito, Alberto"]
[Result "1-0"]
[WhiteElo "2179"]
[BlackElo "2050"]
[PlyCount "65"]
[EventDate "2001.08.22"]

1.e4 e6 2.d4 d5 3.Nc3 Nc6 4.e5 f6 5.Bb5 Bd7 6.Nf3 a6 7.Bxc6 Bxc6 8.O-O Qd7
9.Re1 O-O-O 10.Qe2 Re8 11.a3 Bb5 12.Nxb5 Qxb5 13.Qd1 Qc6 14.b3 Ne7 15.Bb2 
Ng6 16.Rc1 fxe5 17.dxe5 Bc5 18.c4 Qb6 19.Qc2 dxc4 20.b4 Bxb4 21.axb4 Qxb4 
22.Qxc4 Qxc4 23.Rxc4 Ne7 24.Ng5 Nc6 25.f4 h6 26.Ne4 Kb8 27.Kf2 Ka7 28.Rd1 
Rd8 29.Rcc1 Rxd1 30.Rxd1 b5 31.Bc1 a5 32.Rd7 Kb8 33.Nc5 1-0

[Event "IX C.to Italiano U20"]
[Site "Bratto - Castione della Presolana ITA"]
[Date "2001.08.25"]
[Round "4"]
[White "Castaldo, Folco"]
[Black "Costantini, Roberto"]
[Result "0-1"]
[WhiteElo "2304"]
[BlackElo "2287"]
[PlyCount "50"]
[EventDate "2001.08.22"]

1.e4 c5 2.c3 Nf6 3.e5 Nd5 4.d4 cxd4 5.Nf3 d6 6.exd6 Qxd6 7.Nxd4 e6 8.Be2 
Nc6 9.Na3 Be7 10.Nxc6 bxc6 11.O-O O-O 12.Nc2 Qc7 13.Nd4 e5 14.Nf3 Bf5 15.
Qa4 Rfc8 16.Bg5 Bd6 17.g3 Rab8 18.b3 Nxc3 19.Qc4 Nxe2+ 20.Qxe2 Be6 21.Rac1
Bd5 22.Nd2 Qd7 23.Ne4 Ba3 24.Rc2 Qf5 25.Bc1 Bxe4 0-1

[Event "IX C.to Italiano U20"]
[Site "Bratto - Castione della Presolana ITA"]
[Date "2001.08.25"]
[Round "4"]
[White "Cerioni, Armando"]
[Black "Guclu, Yaman"]
[Result "0-1"]
[WhiteElo "1443"]
[BlackElo "1831"]
[PlyCount "46"]
[EventDate "2001.08.22"]

1.c3 e5 2.c4 Nf6 3.d3 Bb4+ 4.Bd2 a5 5.a3 Bxd2+ 6.Qxd2 Nc6 7.e3 d5 8.cxd5 
Nxd5 9.Nc3 Be6 10.g3 O-O 11.Bg2 a4 12.Qc2 Qd7 13.Nge2 Rfd8 14.Nc1 f5 15.
O-O f4 16.e4 Nd4 17.Qd2 f3 18.Bh1 Ne7 19.Re1 Rf8 20.Qd1 Rf6 21.Re3 Bg4 22.
Rb1 Qe8 23.Qf1 Qh5 0-1

[Event "IX C.to Italiano U20"]
[Site "Bratto - Castione della Presolana ITA"]
[Date "2001.08.25"]
[Round "4"]
[White "Cusumano, Domenico"]
[Black "Bianco, Raffaele"]
[Result "1/2-1/2"]
[WhiteElo "1939"]
[BlackElo "1600"]
[PlyCount "49"]
[EventDate "2001.08.22"]

1.f4 d5 2.b3 Nf6 3.Nf3 e6 4.Bb2 Be7 5.e3 c5 6.Bb5+ Bd7 7.Bxd7+ Nbxd7 8.O-O
O-O 9.d3 Rc8 10.Nbd2 b5 11.Ne5 Nb6 12.c4 dxc4 13.dxc4 bxc4 14.bxc4 Nfd7 
15.Qc2 Nxe5 16.Bxe5 Bf6 17.Ne4 Bxe5 18.fxe5 Qe7 19.Rf3 Nd7 20.Rh3 g6 21.
Rf1 f5 22.exf6 Nxf6 23.Rhf3 Nxe4 24.Qxe4 Rxf3 25.Qxf3 1/2-1/2

[Event "IX C.to Italiano U20"]
[Site "Bratto - Castione della Presolana ITA"]
[Date "2001.08.25"]
[Round "4"]
[White "Drabke, Lorenz Maximilian"]
[Black "Ferro, Mario"]
[Result "0-1"]
[WhiteElo "2338"]
[BlackElo "2186"]
[PlyCount "88"]
[EventDate "2001.08.22"]

1.e4 c5 2.Nf3 Nc6 3.Bb5 g6 4.Bxc6 bxc6 5.O-O Bg7 6.Re1 Nf6 7.e5 Nd5 8.c4 
Nc7 9.d4 cxd4 10.Qxd4 O-O 11.Qh4 f6 12.exf6 Bxf6 13.Bg5 Ne6 14.Bxf6 Rxf6 
15.Nc3 Rf4 16.Qg3 Qf8 17.b3 d6 18.Rad1 Ng7 19.Rd4 Rf7 20.Rd2 Nh5 21.Qh4 
Bd7 22.Ne5 dxe5 23.Rxd7 Rd8 24.Red1 Re8 25.f3 Qh6 26.Qe4 Nf6 27.Rd8 Nxe4 
28.Rxe8+ Kg7 29.Nxe4 Qe3+ 30.Kh1 Rxf3 31.Rxe7+ Rf7 32.Rxf7+ Kxf7 33.Rf1+ 
Ke7 34.Ng3 h5 35.Rf3 Qd4 36.h3 h4 37.Ne2 Qd1+ 38.Ng1 Qd2 39.a4 e4 40.Rf1 
a5 41.Nf3 exf3 42.Rxf3 Qe1+ 43.Kh2 g5 44.Rd3 Ke6 0-1

[Event "IX C.to Italiano U20"]
[Site "Bratto - Castione della Presolana ITA"]
[Date "2001.08.25"]
[Round "4"]
[White "Festa, Samuele"]
[Black "Pelosin, Matteo"]
[Result "1/2-1/2"]
[WhiteElo "1642"]
[BlackElo "1705"]
[PlyCount "64"]
[EventDate "2001.08.22"]

1.d4 e6 2.c4 d5 3.Nc3 Nf6 4.Bg5 Nbd7 5.e3 Be7 6.Nf3 h6 7.Bh4 b6 8.Qc2 Bb7 
9.Bxf6 Bxf6 10.cxd5 exd5 11.Nb5 O-O 12.Qxc7 Qxc7 13.Nxc7 Rac8 14.Nb5 Rc2 
15.Nd6 Bc6 16.Rb1 Ba8 17.Bd3 Rc6 18.Nb5 a5 19.O-O Re8 20.Rbc1 Rec8 21.Rxc6
Rxc6 22.Nc3 Rc7 23.Rc1 Nf8 24.Kf1 Ne6 25.Ke1 Ng5 26.Nxg5 Bxg5 27.Kd2 Kf8 
28.Be2 Bb7 29.Bf3 Rd7 30.Nb5 Ba6 31.Nc7 Bc4 32.Na8 Bd8 1/2-1/2

[Event "IX C.to Italiano U20"]
[Site "Bratto - Castione della Presolana ITA"]
[Date "2001.08.25"]
[Round "4"]
[White "Longo, Aldo"]
[Black "Castellano, Fulvia"]
[Result "1-0"]
[WhiteElo "1500"]
[BlackElo "1600"]
[PlyCount "89"]
[EventDate "2001.08.22"]

1.e4 c5 2.Nc3 Nc6 3.g3 Nf6 4.Bg2 d6 5.f4 g6 6.d3 Bg7 7.Nf3 a6 8.h3 b5 9.g4
Bb7 10.Be3 Nd7 11.d4 Qa5 12.O-O b4 13.Ne2 c4 14.d5 Na7 15.Bd4 f6 16.c3 O-O
17.cxb4 Qxb4 18.Bc3 Qb6+ 19.Bd4 Nc5 20.Nd2 Qc7 21.Rc1 a5 22.Rxc4 Ba6 23.
Rc1 Nb5 24.Rf3 Nxd4 25.Nxd4 Qd7 26.Bf1 Bxf1 27.Kxf1 e5 28.fxe5 fxe5 29.
Rxf8+ Rxf8+ 30.N4f3 Qb5+ 31.Kg2 Qxb2 32.Qc2 Qa3 33.Rf1 Bh6 34.g5 Bg7 35.
Nc4 Qb4 36.Rb1 Qa4 37.Qxa4 Nxa4 38.Nxd6 Nc3 39.Rc1 Nxa2 40.Ra1 Nc3 41.Rxa5
Rd8 42.Rc5 Rxd6 43.Rxc3 Bf8 44.Rc8 Kg7 45.Nxe5 1-0

[Event "IX C.to Italiano U20"]
[Site "Bratto - Castione della Presolana ITA"]
[Date "2001.08.25"]
[Round "4"]
[White "Mariano, Elia"]
[Black "Arcion, Riccardo"]
[Result "1-0"]
[WhiteElo "2198"]
[BlackElo "1810"]
[PlyCount "71"]
[EventDate "2001.08.22"]

1.d4 d5 2.c4 e6 3.Nc3 Nf6 4.cxd5 exd5 5.Bg5 c6 6.e3 h6 7.Bh4 Be7 8.Bd3 
Nbd7 9.Qc2 O-O 10.Nge2 Re8 11.O-O Ne4 12.Bxe4 Bxh4 13.Bf3 Be7 14.Rab1 Nf8 
15.b4 Bd6 16.b5 Ng6 17.bxc6 bxc6 18.Ng3 Qg5 19.Qa4 Bxg3 20.hxg3 Bg4 21.
Bxg4 Qxg4 22.Qxc6 Rac8 23.Qb5 h5 24.Rfc1 h4 25.Qxd5 hxg3 26.Qf3 gxf2+ 27.
Kxf2 Qh4+ 28.Kg1 Qg5 29.Nd1 Rxc1 30.Rxc1 Nh4 31.Qh3 Re6 32.Rc8+ Kh7 33.Rc5
f5 34.g3 Rg6 35.Kf2 Rh6 36.gxh4 1-0

[Event "IX C.to Italiano U20"]
[Site "Bratto - Castione della Presolana ITA"]
[Date "2001.08.25"]
[Round "4"]
[White "Mogranzini, Roberto"]
[Black "Genocchio, Daniele"]
[Result "1/2-1/2"]
[WhiteElo "2104"]
[BlackElo "2340"]
[PlyCount "48"]
[EventDate "2001.08.22"]

1.e4 e6 2.d4 d5 3.Nd2 Be7 4.c3 dxe4 5.Nxe4 Nd7 6.Nf3 Ngf6 7.Bd3 Nxe4 8.
Bxe4 Nf6 9.Bc2 b5 10.Qe2 a6 11.O-O O-O 12.Ne5 Bb7 13.Ng4 Qd5 14.Nxf6+ Bxf6
15.f3 Qd6 16.Be4 Bd5 17.Qc2 g6 18.Be3 Bg7 19.Bxd5 Qxd5 20.Rfe1 Rfd8 21.Bf2
Qd7 22.Re2 Bf8 23.Qe4 Qd5 24.Qxd5 Rxd5 1/2-1/2

[Event "IX C.to Italiano U20"]
[Site "Bratto - Castione della Presolana ITA"]
[Date "2001.08.25"]
[Round "4"]
[White "Nardelli, Marco"]
[Black "Damia, Angelo"]
[Result "1/2-1/2"]
[WhiteElo "1791"]
[BlackElo "1915"]
[PlyCount "93"]
[EventDate "2001.08.22"]

1.e4 c5 2.Nf3 a6 3.c3 d6 4.Be2 Nc6 5.d4 cxd4 6.cxd4 e6 7.O-O Nf6 8.Nc3 d5 
9.Bg5 dxe4 10.Bxf6 Qxf6 11.Nxe4 Qf4 12.Ng3 g6 13.Re1 Bg7 14.d5 Nd4 15.Nxd4
Bxd4 16.Bf3 Ba7 17.Re4 Qf6 18.Qd2 O-O 19.Rf4 Qg7 20.d6 Bd7 21.Ne4 f5 22.
Nc3 Bc6 23.Bxc6 bxc6 24.Rc4 Qd7 25.Na4 Rad8 26.Rd1 e5 27.Nc5 Bxc5 28.Rxc5 
Rf6 29.Qc3 Rxd6 30.Rxd6 Qxd6 31.h3 Qd1+ 32.Kh2 Qd4 33.Qb3+ Kg7 34.Rxc6 
Qxf2 35.Rxa6 Rd2 36.Qg3 Qxg3+ 37.Kxg3 Rxb2 38.a4 g5 39.Ra5 f4+ 40.Kf3 Kf6 
41.Ra8 Rb4 42.a5 e4+ 43.Ke2 Rb2+ 44.Kf1 Ke5 45.a6 Rb1+ 46.Ke2 Rb2+ 47.Kf1 
1/2-1/2

[Event "IX C.to Italiano U20"]
[Site "Bratto - Castione della Presolana ITA"]
[Date "2001.08.25"]
[Round "4"]
[White "Palomba, Andrea"]
[Black "Santacroce, Fidel"]
[Result "1-0"]
[WhiteElo "1401"]
[BlackElo "1630"]
[PlyCount "117"]
[EventDate "2001.08.22"]

1.e4 c5 2.Nf3 d6 3.Bc4 e6 4.Nc3 Nf6 5.d4 cxd4 6.Nxd4 a6 7.Be3 b5 8.Bd3 b4 
9.Nce2 e5 10.Nb3 Ng4 11.Bd2 a5 12.h3 Nh6 13.c3 Nc6 14.Bb5 Bd7 15.cxb4 Nxb4
16.Bxd7+ Qxd7 17.Bxb4 axb4 18.Qd5 Rc8 19.O-O Be7 20.Rac1 O-O 21.Rfd1 Qe6 
22.a3 Qxd5 23.Rxd5 Rxc1+ 24.Nexc1 Rc8 25.axb4 Rc4 26.Nd3 Rxe4 27.Ra5 Rc4 
28.Ra8+ Bf8 29.b5 e4 30.b6 exd3 31.b7 Rb4 32.b8=Q Rxb8 33.Rxb8 f6 34.Kf1 
g5 35.Nd4 Kf7 36.Rb7+ Kg6 37.Ne6 Kf5 38.Nxf8 Ke4 39.Rb4+ Kd5 40.Nd7 f5 41.
Ke1 Nf7 42.Kd2 Ne5 43.Nxe5 dxe5 44.Kxd3 e4+ 45.Kd2 Ke5 46.Rc4 Kf4 47.b4 h5
48.b5 g4 49.hxg4 hxg4 50.b6 g3 51.fxg3+ Kxg3 52.b7 Kf2 53.b8=Q e3+ 54.Kd3 
e2 55.Qf4+ Kxg2 56.Kxe2 Kh3 57.Rc3+ Kg2 58.Qg3+ Kh1 59.Rc1# 1-0

[Event "IX C.to Italiano U20"]
[Site "Bratto - Castione della Presolana ITA"]
[Date "2001.08.25"]
[Round "4"]
[White "Piscopo, Pierluigi"]
[Black "Bentivegna, Francesco"]
[Result "1/2-1/2"]
[WhiteElo "2218"]
[BlackElo "2106"]
[PlyCount "52"]
[EventDate "2001.08.22"]

1.e4 e5 2.Nf3 Nc6 3.d4 exd4 4.Nxd4 Bc5 5.Be3 Qf6 6.c3 Nge7 7.g3 O-O 8.Bg2 
Bb6 9.O-O Rd8 10.Nc2 d5 11.Bxb6 axb6 12.exd5 Ne5 13.Ne3 c6 14.c4 b5 15.Qe2
Nxc4 16.Nxc4 bxc4 17.Re1 Ng6 18.Nc3 Bf5 19.dxc6 bxc6 20.Qxc4 Ne5 21.Qe2 
Nd3 22.Red1 Re8 23.Qd2 Rad8 24.h3 h6 25.a4 g5 26.Qc2 Kg7 1/2-1/2

[Event "IX C.to Italiano U20"]
[Site "Bratto - Castione della Presolana ITA"]
[Date "2001.08.25"]
[Round "4"]
[White "Retter, Martin"]
[Black "Castellano, Fabio Marco"]
[Result "1-0"]
[WhiteElo "1690"]
[BlackElo "1431"]
[PlyCount "57"]
[EventDate "2001.08.22"]

1.c4 Nf6 2.g3 g6 3.Bg2 Bg7 4.Nc3 d6 5.d3 Nc6 6.Rb1 O-O 7.Nf3 e5 8.b4 a6 9.
O-O Be6 10.Qc2 Nd7 11.a4 f5 12.Ng5 Nd4 13.Qa2 Rb8 14.Nxe6 Nxe6 15.c5 Qe7 
16.cxd6 cxd6 17.b5 Nc5 18.Ba3 Kh8 19.bxa6 bxa6 20.Qc4 Rfc8 21.Rxb8 Rxb8 
22.Rb1 Rxb1+ 23.Nxb1 Nd4 24.e3 Nde6 25.a5 Nc7 26.Nc3 Qe6 27.Nd5 Nxd5 28.
Bxd5 Qc8 29.d4 1-0

[Event "IX C.to Italiano U20"]
[Site "Bratto - Castione della Presolana ITA"]
[Date "2001.08.25"]
[Round "4"]
[White "Sardo, Gabriele"]
[Black "Capone, Vincenzo"]
[Result "1-0"]
[WhiteElo "2165"]
[BlackElo "2154"]
[PlyCount "81"]
[EventDate "2001.08.22"]

1.e4 e6 2.d4 d5 3.Nc3 Bb4 4.e5 c5 5.a3 Bxc3+ 6.bxc3 Ne7 7.Qg4 Qc7 8.Qxg7 
Rg8 9.Qxh7 cxd4 10.Ne2 dxc3 11.f4 Bd7 12.Qd3 Nbc6 13.Nxc3 a6 14.Rb1 Rc8 
15.Bd2 Nf5 16.g4 Nh4 17.Qh7 Nf3+ 18.Kf2 Nxd2 19.Qxg8+ Ke7 20.Qg5+ Ke8 21.
Bd3 Nxb1 22.Rxb1 Nd4 23.Ne2 Nxe2 24.Qg8+ Ke7 25.Qg5+ Ke8 26.Kxe2 Bb5 27.
Rxb5 axb5 28.Bxb5+ Kf8 29.Qh6+ Ke7 30.Qf6+ Kf8 31.Bd3 Qd8 32.Qh6+ Ke7 33.
h4 Kd7 34.Kf3 Qe7 35.Qh7 Rf8 36.g5 Kc6 37.g6 Qe8 38.g7 Rg8 39.h5 Kc7 40.
Qh6 Qd8 41.Qf6 1-0

[Event "IX C.to Italiano U20"]
[Site "Bratto - Castione della Presolana ITA"]
[Date "2001.08.25"]
[Round "4"]
[White "Sedani, Elisa"]
[Black "Longo, Luigi"]
[Result "0-1"]
[WhiteElo "1594"]
[BlackElo "1500"]
[PlyCount "72"]
[EventDate "2001.08.22"]

1.e4 e6 2.d4 d5 3.e5 c5 4.c3 Nc6 5.Be2 Qb6 6.Nf3 cxd4 7.cxd4 Bb4+ 8.Nc3 
Bd7 9.O-O Nge7 10.Na4 Qc7 11.a3 Ba5 12.Nc5 Bb6 13.Na4 Nf5 14.Bb5 Nxe5 15.
Bf4 Nxf3+ 16.Qxf3 Qd8 17.Bxd7+ Qxd7 18.Nxb6 axb6 19.Rac1 Nxd4 20.Qe3 Nc6 
21.Qxb6 e5 22.Rfe1 f6 23.h3 O-O 24.Bd2 Rac8 25.Re3 Nd4 26.Rxc8 Rxc8 27.Bc3
Rc6 28.Qa5 Ra6 29.Qc5 Ne6 30.Qb4 Ra4 31.Qb3 Nc5 32.Qa2 Qe6 33.Bb4 d4 34.
Qxe6+ Nxe6 35.Re1 Ra6 36.Kf1 Rc6 0-1

[Event "IX C.to Italiano U20"]
[Site "Bratto - Castione della Presolana ITA"]
[Date "2001.08.25"]
[Round "4"]
[White "Sorcinelli, Francesco"]
[Black "Cacco, Christian"]
[Result "0-1"]
[WhiteElo "1881"]
[BlackElo "2252"]
[PlyCount "66"]
[EventDate "2001.08.22"]

1.e4 g6 2.Nc3 Bg7 3.f4 c5 4.Nf3 Nc6 5.Bc4 e6 6.f5 Nge7 7.fxe6 fxe6 8.O-O 
O-O 9.d3 d5 10.Bb3 h6 11.Qe1 Nd4 12.Qh4 Nxf3+ 13.Rxf3 g5 14.Qh5 Rxf3 15.
gxf3 c4 16.dxc4 dxc4 17.Bxc4 Qd4+ 18.Kg2 Qxc4 19.Qe8+ Bf8 20.h4 e5 21.Qh5 
Qf7 22.Qxf7+ Kxf7 23.hxg5 h5 24.Be3 Ng6 25.Rd1 Be6 26.Nd5 Rc8 27.c3 Bc5 
28.Bxc5 Rxc5 29.Ne3 Nf4+ 30.Kg3 Kg6 31.Kh4 Rc7 32.Nd5 Bxd5 33.exd5 Rd7 0-1

[Event "IX C.to Italiano U20"]
[Site "Bratto - Castione della Presolana ITA"]
[Date "2001.08.26"]
[Round "5"]
[White "Artizzu, Giulio"]
[Black "Sardo, Gabriele"]
[Result "1/2-1/2"]
[WhiteElo "2084"]
[BlackElo "2165"]
[PlyCount "96"]
[EventDate "2001.08.22"]

1.e4 c5 2.Nf3 Nc6 3.d4 cxd4 4.Nxd4 g6 5.c4 Bg7 6.Be3 Nf6 7.Nc3 Ng4 8.Qxg4 
Nxd4 9.Qd1 Ne6 10.Qd2 Qa5 11.Rc1 b6 12.a3 Bb7 13.b4 Qxa3 14.Nd5 Bb2 15.Rc2
Qa1+ 16.Ke2 Bxd5 17.exd5 Nd4+ 18.Bxd4 Bxd4 19.g3 Bg7 20.Bg2 Qe5+ 21.Qe3 d6
22.Qxe5 Bxe5 23.f4 Bf6 24.c5 bxc5 25.bxc5 dxc5 26.Rxc5 O-O 27.Rd1 a5 28.
Rc7 Ra6 29.d6 exd6 30.Bd5 a4 31.Rb1 a3 32.Ba2 d5 33.Rb5 Rd6 34.Ra7 Rfd8 
35.Rxa3 R8d7 36.Kd3 Kg7 37.g4 h6 38.Ra8 d4 39.g5 hxg5 40.fxg5 Be7 41.h4 f6
42.Bc4 fxg5 43.hxg5 Bd8 44.Re5 Be7 45.Rb5 Rc6 46.Re5 Rc5 47.Ra5 Rxa5 48.
Rxa5 Bb4 1/2-1/2

[Event "IX C.to Italiano U20"]
[Site "Bratto - Castione della Presolana ITA"]
[Date "2001.08.26"]
[Round "5"]
[White "Bianco, Raffaele"]
[Black "Arcion, Riccardo"]
[Result "1/2-1/2"]
[WhiteElo "1600"]
[BlackElo "1810"]
[PlyCount "58"]
[EventDate "2001.08.22"]

1.e4 c5 2.d3 e6 3.Nf3 d5 4.Be2 Nc6 5.c3 Bd6 6.O-O d4 7.Re1 e5 8.Nbd2 Be6 
9.Nf1 h6 10.Ng3 Nge7 11.h3 O-O 12.c4 f5 13.exf5 Nxf5 14.Ne4 Be7 15.a3 a5 
16.Bf1 b6 17.g3 Nd6 18.Nfd2 Qd7 19.Kh2 Bf5 20.Nxd6 Bxd6 21.Qe2 Rae8 22.Bg2
Nd8 23.Ne4 Bb8 24.Bd2 Nf7 25.Rf1 Nd6 26.h4 Nxe4 27.Bxe4 Bxe4 28.Qxe4 Qf7 
29.Kg2 Re6 1/2-1/2

[Event "IX C.to Italiano U20"]
[Site "Bratto - Castione della Presolana ITA"]
[Date "2001.08.26"]
[Round "5"]
[White "Capone, Vincenzo"]
[Black "Palomba, Andrea"]
[Result "1-0"]
[WhiteElo "2154"]
[BlackElo "1401"]
[PlyCount "45"]
[EventDate "2001.08.22"]

1.e4 g6 2.d4 Bg7 3.c3 Nf6 4.e5 Nd5 5.f4 d6 6.Nf3 c5 7.Be2 cxd4 8.cxd4 O-O 
9.Nc3 Nc7 10.Be3 b6 11.O-O Bb7 12.Qd2 d5 13.g4 Qd7 14.f5 h5 15.gxh5 gxh5 
16.Nh4 Ba6 17.Kh1 Kh7 18.Rg1 Bxe2 19.Qxe2 Rh8 20.Qxh5+ Kg8 21.Rxg7+ Kxg7 
22.Rg1+ Kf8 23.Qxh8# 1-0

[Event "IX C.to Italiano U20"]
[Site "Bratto - Castione della Presolana ITA"]
[Date "2001.08.26"]
[Round "5"]
[White "Castellano, Fabio Marco"]
[Black "Bartolini, Marco"]
[Result "0-1"]
[WhiteElo "1431"]
[BlackElo "1597"]
[PlyCount "112"]
[EventDate "2001.08.22"]

1.e4 e5 2.Nf3 Nc6 3.d4 exd4 4.Nxd4 Nf6 5.Nc3 Bb4 6.Nxc6 bxc6 7.Bd3 d5 8.
O-O Bxc3 9.bxc3 dxe4 10.Qe2 O-O 11.Bxe4 Re8 12.Bg5 Bf5 13.f3 Qd6 14.Bxf6 
Qxf6 15.Qc4 Bxe4 16.fxe4 Qe6 17.Qxe6 Rxe6 18.Rf4 Rb8 19.Rd1 Rd6 20.Rff1 
Kf8 21.Rb1 Rdd8 22.Rb3 Rb6 23.Rf3 Ke7 24.Rd3 Rd6 25.Kf2 Rf6+ 26.Rf3 Re6 
27.Re3 Re5 28.Kf3 Ra5 29.a3 Rxb3 30.cxb3 Rxa3 31.c4 a5 32.Kf4 Ra2 33.Rg3 
g6 34.Ke5 Rd2 35.Kf4 h6 36.Ke3 Rd1 37.Rh3 Rg1 38.Kf2 Rb1 39.Rd3 Ke6 40.Ke3
Ke5 41.Kf3 Rb2 42.h3 h5 43.g4 hxg4+ 44.Kxg4 Kxe4 45.Rd7 Rg2+ 46.Kh4 g5+ 
47.Kh5 f5 48.Rxc7 f4 49.Rxc6 f3 50.c5 f2 51.Rf6 Ke3 52.c6 Rg1 53.c7 Rc1 
54.Rf7 Rxc7 55.Rxc7 f1=Q 56.Kxg5 Qf4+ 0-1

[Event "IX C.to Italiano U20"]
[Site "Bratto - Castione della Presolana ITA"]
[Date "2001.08.26"]
[Round "5"]
[White "Castellano, Fulvia"]
[Black "Sedani, Elisa"]
[Result "0-1"]
[WhiteElo "1600"]
[BlackElo "1594"]
[PlyCount "68"]
[EventDate "2001.08.22"]

1.e4 c5 2.Nf3 d6 3.d4 cxd4 4.Nxd4 Nf6 5.Nc3 a6 6.Bc4 e6 7.Be3 b5 8.Bd3 Bb7
9.a3 Nc6 10.Qd2 Be7 11.O-O-O Nxd4 12.Bxd4 e5 13.Be3 O-O 14.g3 d5 15.exd5 
b4 16.axb4 Bxb4 17.Kb1 Qa5 18.Qe1 Nxd5 19.Bd2 Nxc3+ 20.Bxc3 Bxc3 21.Qxc3 
Qxc3 22.bxc3 Bxh1 23.Rxh1 Rfb8+ 24.Kc1 Rb6 25.Kd2 a5 26.Re1 f6 27.f4 exf4 
28.gxf4 Ra7 29.Re8+ Kf7 30.Rh8 a4 31.Bc4+ Kg6 32.h3 a3 33.Bd3+ f5 34.h4 a2
0-1

[Event "IX C.to Italiano U20"]
[Site "Bratto - Castione della Presolana ITA"]
[Date "2001.08.26"]
[Round "5"]
[White "Costantini, Roberto"]
[Black "Berni, Giorgio"]
[Result "1-0"]
[WhiteElo "2287"]
[BlackElo "2141"]
[PlyCount "61"]
[EventDate "2001.08.22"]

1.e4 c5 2.Nf3 e6 3.d4 cxd4 4.Nxd4 Nf6 5.Nc3 d6 6.Be3 a6 7.f3 Nc6 8.Qd2 Be7
9.O-O-O O-O 10.g4 Nxd4 11.Bxd4 b5 12.h4 Bb7 13.Kb1 Rc8 14.g5 Nd7 15.g6 
fxg6 16.h5 gxh5 17.Rxh5 e5 18.Be3 Nf6 19.Rh1 b4 20.Nd5 Bxd5 21.exd5 Qa5 
22.Bh3 Rc7 23.Be6+ Kh8 24.Rdg1 Bd8 25.Bg5 Qc5 26.Qh2 g6 27.Bh6 Re8 28.Rxg6
Nh5 29.Rg2 Nf4 30.Bxf4 exf4 31.Rhg1 1-0

[Event "IX C.to Italiano U20"]
[Site "Bratto - Castione della Presolana ITA"]
[Date "2001.08.26"]
[Round "5"]
[White "Damia, Angelo"]
[Black "Sorcinelli, Francesco"]
[Result "1-0"]
[WhiteElo "1915"]
[BlackElo "1881"]
[PlyCount "69"]
[EventDate "2001.08.22"]

1.e4 c5 2.Nf3 d6 3.d4 cxd4 4.Nxd4 Nf6 5.Nc3 g6 6.f3 Bg7 7.Be3 O-O 8.Qd2 
Nc6 9.Rd1 Bd7 10.Be2 Rc8 11.O-O Ne5 12.Nb3 Nc4 13.Bxc4 Rxc4 14.Ne2 Qc7 15.
c3 b5 16.Bh6 b4 17.Bxg7 Kxg7 18.Rc1 Rc8 19.cxb4 Bb5 20.Kh1 Rc2 21.Rxc2 
Qxc2 22.Qxc2 Rxc2 23.Ned4 Bxf1 24.Nxc2 Bc4 25.Nd2 Be6 26.a4 d5 27.exd5 
Nxd5 28.Kg1 Bf5 29.Ne4 Nf6 30.Nd4 Bxe4 31.fxe4 Nxe4 32.Nc6 a6 33.Nb8 a5 
34.bxa5 Nc5 35.a6 1-0